| 000 | 006360000a22002050004500 | ||
|---|---|---|---|
| 003 | LK-CoMWRAF | ||
| 005 | 20231010100014.0 | ||
| 008 | 230817t2001 ||||| |||| 00| 0 eng d | ||
| 020 | _a0072421029 | ||
| 040 |
_aLK-CoMWRAF _dLK-CoMWRAF _eLK-CoMWRAF |
||
| 041 | _aeng | ||
| 082 |
_a370.117 _bGOR |
||
| 100 | _aGorski, Paul C. | ||
| 245 |
_aMulticultural Education and the Internet: _bIntersections and Integrations |
||
| 260 |
_aBoston: _bMcGraw Hill, _c2001 |
||
| 300 | _a vi, 161 p. : ill. ; 24 cm. | ||
| 650 | _aMULTICULTURAL EDUCATION | ||
| 650 | _aMulticultural education-Computer network resources-United States. | ||
| 942 | _cBK | ||
| 999 |
_c1960 _d1960 |
||